000 00556nam a2200193Ia 4500
003 GCL
008 140319s9999 xx 000 0 ara d
040 _aGCL /
_cGCL
082 0 4 _a671.2
_bف ت
100 1 _aف. بتراك
245 1 0 _aتشكيل المعادن بدون قطع /
_cف. بتراك
260 _a[S.N] :
_bفؤاد هاشم الكتبى
300 _a217 ص
490 _aالاسس التكنولوجية
_v0
650 0 4 _aالمعادن
650 0 4 _aالتكنولوجيا
650 0 4 _aالمعادن - قطع
942 _2ddc
_cBK
999 _c53099
_d53099